| 000 | 00794nam a2200241Ia 4500 | ||
|---|---|---|---|
| 003 | OSt | ||
| 005 | 20220923225413.0 | ||
| 006 | a|||||r|||| 00| 0 | ||
| 007 | ta | ||
| 008 | 220922b |||||||| |||| 00| 0 san d | ||
| 024 | _a266,250 | ||
| 037 | _cTextual | ||
| 040 |
_aARTS _cARTS _bsan |
||
| 041 |
_2san _asan |
||
| 082 | _aR631x2:1:3, 152J6 | ||
| 100 | _aमिश्र, आद्याप्रसाद | ||
| 245 | 0 | _aसांख्यतत्व कौमुदी प्रभा | |
| 246 | _aSāankhyatatva kaumudī prabhā | ||
| 260 |
_aप्रयाग _b सत्य प्रकाशन _c1956 |
||
| 300 |
_a223पृ0 _ccm. |
||
| 942 |
_hR631x2:1:3, 152J6 _cTEXL _2CC |
||
| 999 |
_c378017 _d378017 |
||